000 00372nam a2200133 4500
005 20260530113900.0
100 1 _aID International Design
_932211
245 1 0 _aRay Charles Eames Remmembered
264 1 _bEspecial West Coast ISSUE Intl Design
_c1990
300 _a95 páginas
336 _atexto
_2rdacontent
337 _asin medio
_2rdamedia
338 _avolumen
_2rdacarrier
999 _c11758
_d11758